[Event "Hoogovens"]
[Site "Wijk aan Zee"]
[Date "1991.01.??"]
[Round "12"]
[White "Seirawan, Yasser"]
[Black "Van der Wiel, John"]
[Result "1/2-1/2"]
[WhiteElo "2595"]
[BlackElo "2530"]
[Annotator "Hertneck,G"]
[PlyCount "122"]
[EventDate "1991.01.??"]
[EventType "tourn"]
[EventRounds "13"]
[EventCountry "NED"]
[EventCategory "14"]
[SourceTitle "CBM 022"]
[Source "ChessBase"]
[SourceDate "1991.06.01"]
[SourceVersion "1"]
[SourceVersionDate "1991.06.01"]
[SourceQuality "1"]

1. d4 d5 2. c4 c6 3. Nc3 Nf6 4. cxd5 cxd5 5. Bf4 Nc6 6. e3 Bf5 7. Nf3 e6 8. Qb3
Bb4 9. Bb5 O-O 10. O-O Bxc3 (10... Qe7 {TN} 11. Bxc6 bxc6 12. Na4 $1 Nh5 13. a3
Nxf4 14. axb4 $1 Nd3 15. Nc5 Nxc5 16. bxc5 (16. dxc5 Rfb8 17. Nd4 Qb7 $132)
16... Rfb8 17. Qc3 Qb7 18. Ra2 Bg4 (18... f6 19. Rfa1 Bg6 $14) 19. Nd2 Be2 20.
Re1 Bb5 21. e4 {+/- [+], >< Bb5 Lautier,J-Khalifman,A Wijk an Zee 1991}) 11.
Qxc3 Ne4 {TN 11...Rc8 - ECO D14/3} 12. Qa3 Qb6 13. Bxc6 Qxc6 14. Ne5 Qb5 15. f3
Nf6 (15... f6 $2 16. fxe4 fxe5 17. exf5 $1 exf4 18. fxe6 fxe3 19. Qxe3 $16) 16.
g4 Bg6 17. Rac1 Rfc8 18. Rc3 $1 Nd7 19. Rfc1 Rxc3 20. Qxc3 f6 (20... Nxe5 21.
dxe5 (21. Qc8+ Qe8 22. Qxe8+ Rxe8 23. dxe5 Kf8 24. Rc3 Rb8 $10) 21... h5 $10)
21. Nxg6 hxg6 22. Qd2 $14 g5 23. Bg3 Rd8 24. Rc7 Nf8 25. Qc2 Qb6 26. b3 Rd7 27.
Rc5 Kf7 28. a3 {[#]} e5 29. dxe5 Ne6 30. Rc3 d4 31. Rd3 Rc7 32. Qd2 dxe3 33.
Rxe3 Rc2 34. Qxc2 Qxe3+ 35. Kg2 Qxf3+ 36. Kxf3 Nd4+ 37. Ke4 Nxc2 38. a4 Ke6 39.
exf6 gxf6 40. Bb8 a6 41. Bc7 Na1 42. b4 Nc2 43. Ba5 Kf7 44. Kd3 Ne1+ 45. Kc4
Ke6 46. Bc7 Nc2 47. Kc5 Kd7 48. Bg3 Ne3 49. h3 Nd1 50. Kd4 b6 51. a5 bxa5 52.
bxa5 Ke6 53. Kc5 Nb2 54. Kb6 f5 55. Kxa6 Nc4 56. Bc7 fxg4 57. hxg4 Kd5 58. Bd8
Ke4 59. Bxg5 Kf3 60. Kb5 Nxa5 61. Kxa5 Kxg4 {(2.59/2.58)} 1/2-1/2

[Event "Chigorin Memorial 07th"]
[Site "St Petersburg"]
[Date "1999.11.04"]
[Round "3"]
[White "Khmelnitski, Alexander"]
[Black "Solozhenkin, Evgeniy"]
[Result "1/2-1/2"]
[WhiteElo "2444"]
[BlackElo "2544"]
[Annotator "Huebner,R"]
[PlyCount "39"]
[EventDate "1999.11.02"]
[EventType "swiss"]
[EventRounds "9"]
[EventCountry "RUS"]
[SourceTitle "CBM 074"]
[Source "ChessBase"]
[SourceDate "2000.02.01"]
[SourceVersion "1"]
[SourceVersionDate "2000.02.01"]
[SourceQuality "1"]

1. d4 Nf6 2. c4 c6 3. Nc3 d5 4. cxd5 cxd5 5. Nf3 Nc6 6. Bf4 Bf5 7. e3 e6 8. Bb5
Nd7 9. Qa4 Rc8 10. O-O a6 11. Bxc6 Rxc6 12. Rfc1 Be7 13. Nd1 b5 14. Qb3 Rc4 15.
Nd2 Qa5 ({Nach} 15... g5 16. Bg3 Qa5 17. Nc3 Rb4 18. Qd1 (18. Qa3 Qxa3 19. bxa3
Rb2 {führt hier zu besserem Spiel für Schwarz.}) 18... Rxb2 19. e4 (19. Nb3 Qd8
20. e4 dxe4 21. Qe1 Bb4 22. Qe3 Nb6 $19 {1-0 Gauglitz,G-Tischbierek,R/Dresden
1985/MCL (58)}) 19... dxe4 20. Ndxe4 {dürfte sich die Schwächung des
Königsflügels unangenehm bemerkbar machen.}) (15... Rxc1 {ist natürlich
schlapp:} 16. Rxc1 O-O 17. Qc3 b4 18. Qc6 Bd3 19. Qb7 Nf6 20. Rc7 Bd6 21. Bxd6
Qxd6 22. f4 Qd8 23. Nf3 Ne8 24. Rd7 Qa5 25. h3 {1/2-1/2 Kramnik,V-Rublevsky,S/
Sochi 1990/TD (25)}) 16. Nc3 (16. e4 {verspricht nicht mehr:} Bxe4 17. Nc3 Rb4
(17... O-O 18. Ncxe4 (18. Nxc4 dxc4 19. Bc7 (19. Qd1 Bd3 {führt zu bequemem
Spiel für Schwarz;}) 19... Qxc7 20. Nxe4 Nf6 {ergibt eine ungefähr
ausgeglichene Stellung.}) 18... Rxc1+ 19. Rxc1 dxe4 20. Nxe4 Nf6 21. Bg5 Nd5
22. Bd2 Qb6 $11 {1/2-1/2 Schebler,G-Huster,M/Dortmund 1993/TD (33)}) 18. Ncxe4
Rxb3 19. Rc8+ Bd8 20. Nxb3 Qb6 21. Rac1 O-O 22. R1c6 dxe4 23. Rxb6 Nxb6 $17 {
1/2-1/2 Schebler,G-Soylu,S/Budapest 1993/EXT 97 (36)}) 16... Rb4 17. Qa3 (17.
Nxd5 {ist nicht besser:} Rxb3 18. Rc8+ Bd8 19. Bc7 (19. Nxb3 Qa4 20. Bc7 O-O
$19) 19... O-O 20. Bxa5 Rxb2 21. Rxd8 Rxd8 (21... exd5 22. Nb3 Rxd8 23. Bxd8
Kf8 24. Nc5 Nxc5 25. dxc5 Ke8 26. Ba5 Rc2 27. Bb4 Kd7 28. h3 $11 {0-1 Koch,
W-Woerdemann,M/NRW-I 1990/EXT 97-B (52)}) 22. Bxd8 exd5 {mit aktiverer
Stellung für Schwarz.}) (17. Qd1 {ist natürlich falsch:} Rxb2 18. e4 (18. a4 b4
19. Nb5 axb5 20. Rc8+ Bd8 21. Bc7 Qxc7 $19 {1-0 Hladik,J-Kolesar,M/CSR 1992/TD
(58)}) 18... dxe4 19. a4 Qd8 20. axb5 axb5 21. Ncxe4 Nb6 (21... e5 $2 22. dxe5
O-O 23. Nd6 Bxd6 24. exd6 $14 {1/2-1/2 Piesina,G-Janocha,W/Mikolajki 1991/EXT
97 (52)}) 22. Bc7 Qxd4 23. Bxb6 Qxb6 24. Rc8+ Bd8 25. Qc1 Rb4 26. Qc3 Rxe4 27.
Nxe4 Bxe4 28. Qxg7 Rf8 29. Qe5 Bb7 30. Rb8 Qc6 31. f3 Ke7 32. Qg5+ f6 33. Qg7+
Rf7 34. Qg8 Qc7 35. Rxb7 Qxb7 36. Rd1 Bb6+ 37. Kf1 Qc7 38. Qa8 Rf8 39. Qa3+ Qc5
{0-1 Hollnack,O-Forchert,N/NRW-II 1994/GER (39)}) 17... Ra4 ({Der Versuch} 
17... Qxa3 18. bxa3 Rb2 19. e4 dxe4 (19... Bxe4 20. Ndxe4 dxe4 21. Nd1 Re2 22.
Kf1 {führt sofort zum Verlust.}) (19... e5 20. dxe5 Bxe4 21. Ndxe4 dxe4 22. Nd1
{1-0 Berg,D-Schuetz,R/Dortmund 1988/TD (22)}) 20. Nd1 Rxd2 21. Bxd2 {
verursacht dem Schwarzen nur Ungelegenheiten.}) 18. Qb3 Rb4 19. Qa3 Ra4 20. Qb3
1/2-1/2

[Event "Sigeman & Co 12th"]
[Site "Malmo/Copenhagen"]
[Date "2004.05.07"]
[Round "7"]
[White "Aagaard, Jacob"]
[Black "Hector, Jonny"]
[Result "0-1"]
[WhiteElo "2400"]
[BlackElo "2512"]
[Annotator "Huebner,R"]
[PlyCount "52"]
[EventDate "2004.04.30"]
[EventType "tourn"]
[EventRounds "9"]
[EventCountry "SWE"]
[EventCategory "13"]
[SourceTitle "CBM 101"]
[Source "ChessBase"]
[SourceDate "2004.07.27"]
[SourceVersion "1"]
[SourceVersionDate "2004.07.27"]
[SourceQuality "1"]

1. d4 d5 2. c4 c6 3. cxd5 cxd5 4. Nf3 Nf6 5. Nc3 Nc6 6. Bf4 Bf5 7. e3 e6 8. Qb3
Bb4 9. Bb5 Bxc3+ 10. Qxc3 O-O 11. O-O Rc8 12. Qa3 (12. Rfc1 Qb6 13. Qc5 Nxd4
14. Qxb6 Nxf3+ 15. gxf3 axb6 16. Bc7 Ne8 17. Bxb6 Nd6 18. Be2 Nc4 $11 {0-1
Salov,V-Jussupow,A/Paris 1992/CBM 33 (66). (66)}) 12... Ne4 13. Rac1 ({Nach} 
13. Bxc6 Rxc6 14. Qxa7 g5 15. Bg3 Qa8 16. Qxa8 Rxa8 {nebst Tc6-c2 hat Schwarz
ebenfalls keine Sorgen.}) 13... g5 14. Bg3 f6 15. Bxc6 bxc6 16. Qxa7 h5 17. h3
Nxg3 18. fxg3 Qd6 19. Kf2 $6 ({Gesünder ist} 19. g4 hxg4 20. hxg4 Bxg4 21. Qc5
{mit etwa gleichem Spiel.}) 19... Ra8 20. Qc5 Qxc5 21. Rxc5 Rxa2 22. Rxc6 $2 ({
Richtig ist} 22. Kg1 Rb8 ({Nach} 22... Rxb2 23. Rxc6 Ra8 24. Rfc1 {erzwingt
Weiß Dauerschach oder erreicht wie nach 22...Tb8 erleichternden Turmtausch.})
23. Rf2 Rbxb2 24. Rxb2 Rxb2 25. Rxc6 {mit guten Überlebensaussichten.}) 22...
Rb8 23. Rfc1 Rbxb2+ 24. Ke1 Kf7 25. Rc8 Bd3 26. e4 (26. R1c7+ Kg6 27. g4 ({
Hier kann der König des Schwarzen nach} 27. Rg8+ {über f5 entfleuchen.}) 27...
hxg4 28. hxg4 Rb1+ 29. Rc1 Rxc1+ 30. Rxc1 Rxg2 31. Rc6 Be2 {ist hoffnungslos
für Weiß.}) 26... Bc4 0-1

[Event "Beersheba 16th"]
[Site "Beersheba"]
[Date "1997.02.27"]
[Round "4"]
[White "Finkel, Alexander"]
[Black "Golod, Vitali"]
[Result "0-1"]
[WhiteElo "2505"]
[BlackElo "2515"]
[Annotator "Huebner,R"]
[PlyCount "40"]
[EventDate "1997.02.24"]
[EventType "tourn"]
[EventRounds "11"]
[EventCountry "ISR"]
[EventCategory "12"]
[SourceTitle "CBM 058"]
[Source "ChessBase"]
[SourceDate "1997.06.01"]
[SourceVersion "1"]
[SourceVersionDate "1997.06.01"]
[SourceQuality "1"]

1. Nf3 d5 2. c4 c6 3. cxd5 cxd5 4. d4 Nc6 5. Nc3 Nf6 6. Bf4 Bf5 7. Rc1 Rc8 8.
Ne5 Qb6 9. Nxc6 bxc6 10. Qd2 e6 11. a3 Nh5 12. Be5 f6 {[#]} 13. Na4 $4 Qb3 ({
Offenbar rechnete Weiß nur mit} 13... Qa6 14. Nc5 Bxc5 15. Rxc5 fxe5 16. e4 $13
) 14. e4 Qxa4 15. exf5 fxe5 16. Qe2 Qa5+ 17. Rc3 Nf6 18. Qxe5 Bxa3 19. Ba6 O-O
20. O-O Bxb2 0-1

[Event "GER-ch 76th"]
[Site "Altenkirchen"]
[Date "2005.02.26"]
[Round "9"]
[White "Gustafsson, Jan"]
[Black "Kritz, Leonid"]
[Result "1-0"]
[WhiteElo "2616"]
[BlackElo "2547"]
[Annotator "Huebner,R"]
[PlyCount "95"]
[EventDate "2005.02.18"]
[EventType "swiss"]
[EventRounds "9"]
[EventCountry "GER"]
[SourceTitle "CBM 106"]
[Source "ChessBase"]
[SourceDate "2005.06.06"]
[SourceVersion "1"]
[SourceVersionDate "2005.06.06"]
[SourceQuality "1"]

1. d4 d5 2. c4 c6 3. Nf3 Nf6 4. cxd5 cxd5 5. Nc3 Nc6 6. Bf4 Bf5 7. e3 e6 8. Qb3
Qb6 9. Qxb6 axb6 10. Bb5 Nd7 11. Nh4 Bg4 (11... Bg6 12. Nxg6 hxg6 13. Kd2 Be7
14. Rhc1 O-O 15. f3 Rfc8 16. h3 g5 17. Bh2 $14 {1/2-1/2 Jacimovic,D-Ipek,A/
Pula 1997/CBM 057 ext (62). (61)}) 12. h3 Bh5 13. g4 Bg6 14. O-O Be7 15. Nxg6
hxg6 16. Kg2 O-O 17. Rac1 Rfc8 18. a3 Ra5 19. Bd3 e5 $2 {Dies sieht mir nach
Selbstmord aus. Der bauer auf d5 muß nach einer Weile Beute des Weißen werden.
Wenn Schwarz mit} (19... g5 20. Bg3 g6 {fortsetzt, entsteht der Stellungstyp
der oben zitierten Partie. Weiß steht bequemer, aber nicht auf Gewinn.}) 20.
dxe5 Ncxe5 21. Be2 Bf8 22. Rfd1 f6 23. Bg3 Rc6 24. a4 Bb4 25. Bb5 Bxc3 26. bxc3
Rd6 ({Auch auf} 26... Rc5 {folgt} 27. c4 {, und Weiß gewinnt.}) 27. c4 $18 Nc5
28. cxd5 Nxa4 29. Rc8+ Kh7 30. Bxa4 Rxa4 31. g5 Rd7 32. Bxe5 fxe5 33. Re8 b5
34. Rxe5 Kg8 35. d6 b4 36. Rd4 Ra6 37. Rf4 Rd8 38. Rxb4 Raxd6 39. Rxb7 Rd5 40.
Rxd5 Rxd5 41. h4 Rd8 42. Kg3 Kh7 43. Rb6 Rb8 44. Rd6 Rb5 45. Re6 Ra5 46. Rc6
Rb5 47. Rc1 Ra5 48. f4 1-0

[Event "Olympiad-34"]
[Site "Istanbul"]
[Date "2000.10.28"]
[Round "1.2"]
[White "Onkoud, Abdelaziz"]
[Black "Rublevsky, Sergei"]
[Result "0-1"]
[WhiteElo "2309"]
[BlackElo "2670"]
[Annotator "Huebner,R"]
[PlyCount "90"]
[EventDate "2000.10.28"]
[EventType "team-swiss"]
[EventRounds "14"]
[EventCountry "TUR"]
[SourceTitle "EXT 2001"]
[Source "ChessBase"]
[SourceDate "2000.11.22"]
[SourceVersion "1"]
[SourceVersionDate "2000.11.22"]
[SourceQuality "1"]
[WhiteTeam "Morocco"]
[BlackTeam "Russia"]
[WhiteTeamCountry "MAR"]
[BlackTeamCountry "RUS"]

1. d4 d5 2. Nf3 Nf6 3. c4 c6 4. cxd5 cxd5 5. Nc3 Nc6 6. Bf4 Bf5 7. e3 e6 8. Ne5
Nxe5 9. Bxe5 Nd7 10. Bg3 a6 11. Bd3 Bxd3 12. Qxd3 Be7 13. O-O O-O 14. Rac1 Qa5
15. e4 Nf6 16. Be5 dxe4 17. Nxe4 Nd5 18. a3 Rfd8 19. Qg3 Bf8 20. Rc5 Qb6 21. b4
a5 22. b5 h6 23. a4 Kh8 24. Nd2 f6 25. Nc4 Qa7 26. Bd6 Bxd6 27. Nxd6 b6 28. Rc4
Qd7 29. Rc6 Rab8 30. Rfc1 Kh7 31. h4 $2 (31. Ne4 $11) 31... Ne7 32. Rc7 Qxd6
33. Qxd6 Rxd6 34. Rxe7 Rxd4 35. h5 ({Bessere Rettungsaussichten bot} 35. Rcc7
Kg6 36. Rxg7+ Kf5 37. Rb7) 35... Rxa4 36. Rcc7 Rg4 37. Rxe6 Rg5 38. Rxf6 Rxh5
39. Rff7 Rg8 40. Rb7 Rxb5 41. Rf6 a4 42. Rfxb6 Rxb6 43. Rxb6 Ra8 44. Rb2 a3 45.
Ra2 Kg6 0-1

[Event "EU-ch 13th"]
[Site "Plovdiv"]
[Date "2012.03.22"]
[Round "3"]
[White "Rakhmanov, Alexander"]
[Black "Jakovenko, Dmitrij"]
[Result "1/2-1/2"]
[WhiteElo "2602"]
[BlackElo "2729"]
[Annotator "Jakovenko,D"]
[PlyCount "145"]
[EventDate "2012.03.20"]
[EventType "swiss"]
[EventRounds "11"]
[EventCountry "BUL"]
[SourceTitle "CBM 148"]
[Source "ChessBase"]
[SourceDate "2012.05.16"]
[SourceVersion "1"]
[SourceVersionDate "2012.05.16"]
[SourceQuality "1"]

{If the game with Fressinet was my most important one of the tournament, this
one was certainly my most interesting.} 1. c4 c6 2. d4 d5 3. Nf3 Nf6 4. cxd5
cxd5 5. Nc3 Nc6 6. Bf4 Bf5 7. e3 e6 8. Bb5 Nd7 9. Qb3 Be7 10. O-O {When
preparing for the game, I was surprised tnat, in this position, there is no
clear recommendation as to how to equalise for Black. However, with the text
move, Black can fight for the advantage!} g5 $5 (10... O-O {Sergey Rublevsky,
as Black against Cvitan in 2000, found himself with problems after} 11. Rfc1
Rc8 ({Another Slav expert, Vladimir Malakhov, was more successful against
Buhmann,R:} 11... Na5 12. Qa4 Nc4 13. Bxd7 Nb6 {. Maybe here Black can
gradually equalise, despite the fact that the computer gives White a slight
advantage.}) 12. Bxc6 bxc6 13. Qb7 {.}) 11. Bg3 h5 12. h3 g4 13. hxg4 hxg4 14.
Nd2 {I have to admit that when I saw this move, I did not even bother
analysing it – I decided that I could make something up over the board. But in
fact, despite the open h-file, it is not easy to organise an attack on the
king.} Kf8 ({I recalled the game Bruzon,L-Dominguez,L 2002:} 14... a6 {but I
did not like} 15. Bxc6 ({there Black obtained the advantage after} 15. Be2 Bd6
$1) 15... bxc6 16. Rfc1 {Now after 16...c5 there follows 17.e4, whilst after
other moves, White will have good chances to seize the c5-square.}) ({On the
immediate} 14... Bd6 {the bishop can be taken:} 15. Bxd6 Qh4 16. f3 g3 17. Bxg3
Qxg3 18. Ne2 {and Black does not have sufficient compensation for the pawn.}) (
{Finally, I also looked at} 14... f6 {followed by 15...Kf7, but this looked
too risky to me. If White manages to get in e3-e4, I could come under a strong
attack.}) 15. Rfc1 Kg7 16. Ne2 Rc8 17. Bxc6 bxc6 18. Qb7 {Rakhman plays along
the same lines as Cvitan-Rublevsky, but here Black also has his trumps.} Rh7 {
This way, Black defends the highly important c6-pawn.} 19. Bf4 {My opponent
decides to free the square g3 for his knight immediately.} (19. Rxc6 $4 Rxc6
20. Qxc6 Qh8 {the rook on a1 is lost.}) ({The pawn on a7 can be taken: after} 
19. Qxa7 Qh8 ({During the game, I was planning to reply} 19... Bg5 {tying
White down to the e3-pawn and threatening 20...Qh8. After the natural} 20. Bf4
{there is the very strong} ({However, after} 20. Bd6 {White frees the square
g3 for his knight, and perhaps obtains some advantage.}) 20... Bd3 $1 {with an
irresistible attack.  Therefore, instead of 19...Bg5 it is better to choose
between 19...Ra8, 19...Bd3 or 19...c5 – any of these moves gives fully-fledged
play and I prefer Black's position.}) 20. f3 {there is no mate.}) 19... c5 $2 (
19... Bd3 $1 20. Ng3 c5 21. e4 Nb6 $1 (21... c4 22. exd5 e5 23. Bxe5+ ({
\/he loses after} 23. dxe5 $2 Nc5 24. Qb4 Ne6) ({but it is worth considering} 
23. Be3 $5) 23... Nxe5 24. dxe5 Bc5 {In this striking position, White should
play} 25. Rc3 {in order to eliminate the bishop on b3 as quickly as possible,
and after} Rb8 26. Qc6 Bd4 {... the computer gives the assessment 0.00! May it
remain on its conscience...})) {So why did I play a different move in the
game? I simply decided to invert the move order, so that "while my opponent is
thinking about 20.Ng3 I can calculate the alternative 20...Bg6." Incredible
stupidity!} 20. e4 $1 {Of course, White immediately opens the centre. Now
there is no question of mate down the h-file, whilst the problems of the king
in the centre, and the pawn on g4 become serious.} dxe4 21. Nxe4 e5 $5 ({
The alternative was} 21... Bxe4 22. Qxe4 Qb6 {but after} 23. Ng3 Rch8 24. dxc5
Bxc5 25. Rc2 {it is sad to look at Black's position.}) 22. N4g3 $1 Be6 $2 {
Mistakes rarely come singly.} (22... Bd3 23. dxe5 (23. Bxe5+ Nxe5 24. dxe5 Rc7
25. Qb3 c4) 23... Nb6 $1 {creating the threat of trapping the white queen with
...Rc7.} {White can only fight for the advantage by means of} 24. e6 $1 (24.
Qxa7 Ra8 {leads to a draw}) 24... fxe6 25. Qxa7 Kg8 26. Qa5 {with a very
complicated position.}) 23. Bxe5+ ({For some reason, I had only counted on} 23.
dxe5 $2 Rb8 24. Qxa7 Rxb2 {with mutual chances.}) 23... Nxe5 24. dxe5 Bg5 {
After using up a significant portion of my remaining time, I managed to find
the only way not to lose at once.} ({However, after} 24... Rb8 25. Qxa7 Rxb2 {
there follows} 26. Rd1 Qe8 27. Nf4 {with a very strong initiative.}) 25. Rd1
Qb6 26. Qe4 ({Of course, White refuses the exchange – after} 26. Qxb6 axb6 {
Black's two bishops compensate for the pawn deficit.}) 26... Qb4 ({Strangely,
there is no forced win after} 26... Qxb2 27. Nf4 Bxf4 28. Qxf4 Rh6 {, but
there can be no doubt about the assessment of the position. I decided that I
would have more chances of salvation in the ending.}) 27. Qxb4 cxb4 28. Nd4 Bd7
({()} 28... Bf4 29. Nxe6+ fxe6 30. Rd4 Bxe5 31. Rxg4+ Kf6 32. Rxb4 Rc2 {
remaining only one pawn down, but here the opponent could hardly go wrong, and
White is objectively likely to win. The text move complicates the position.})
29. Nf3 $2 {A very tempting continuation, after which, however, Black manages
to balance on the edge of the precipice, in the most unlikely fashion.} ({
It was also not so easy to win after} 29. Ndf5+ Bxf5 30. Nxf5+ Kg6 31. Ng3 Rc2
$1 32. Rd6+ f6) ({The correct move was} 29. a3 $1 {Black has nothing better
than} bxa3 30. Rxa3 Rc7 {and here, the strongest move was} 31. Ra5 $1 {
creating the threat of e5-e6. It is unlikely that I would manage to hold this
position.}) 29... gxf3 30. Rxd7 Bf4 $1 ({After} 30... Re8 31. gxf3 Rxe5 32.
Rxa7 {White simply has two extra pawns.}) 31. e6 ({The first miracle:} 31. Nf5+
{does not win because of} Kg6 $1 32. Ne7+ Kg5 33. Nxc8 Bh2+ 34. Kf1 Bxe5 35.
gxf3 Rh1+ 36. Kg2 Rxa1 {and the draw is not far away.}) 31... Kg6 32. e7 Bxg3
33. fxg3 ({The second miracle:} 33. Rd8 {doesn't work because of} Bh2+ 34. Kf1
Bc7) 33... Rc2 $1 34. gxf3 Re2 $1 {And the main miracle: thanks to the threat
of perpetual, White has to part with the pawn on e7.} 35. Rd2 Rxe7 {
Objectively, the endgame remains very difficult, but, if it does not sound too
immodest to say so, the difference in technical mastery of the two players
soon starts to tell.} 36. Rc1 {It favours White to keep all the rooks on the
board, because then, when his f- and g-pawns advance, the black king will
start to feel very uncomfortable. Therefore 36.Rad1 was more accurate.} f6 37.
Kg2 Rd7 38. Re2 $6 {Again, 38.Rdc2 was stronger, or even 38.Rcd1.} Rhe7 39.
Rxe7 $6 Rxe7 40. Kf2 Rh7 {Probably, in our mutual time trouble, my opponent
had not noticed this move. Now the position is drawn.} 41. Kg2 Rd7 42. Rc2 b3
$1 {To exchange queenside pawns is the fastest way.} 43. axb3 Rd3 44. Rc3 Rd2+
45. Kh3 Rxb2 46. Kg4 Rd2 ({A draw also results from} 46... a5 47. f4 f5+ {
, but transferring the rook to the fourth rank is more reliable.}) 47. f4 Rd4
48. Kh4 a5 49. Rf3 a4 50. bxa4 Rxa4 {Only disappointment at having missed a
win that was so close can explain why my opponent played on for another 20
moves.} 51. g4 Ra1 52. f5+ Kh6 53. Rh3 Kg7 54. Rb3 Ra7 55. Kh5 Rc7 56. Rb6 Ra7
57. Rc6 Rb7 58. Ra6 Rc7 59. Re6 Ra7 60. g5 fxg5 61. Kxg5 Ra1 62. Re7+ Kf8 63.
Kf6 Rf1 $1 {The fact that this is the simplest way to draw was taught to me by
Alexander Panchenko, when I was eight years old – a nice memory of a wonderful
trainer.} 64. Ra7 Kg8 65. Ra8+ Kh7 66. Ra2 Kg8 67. Ra8+ Kh7 68. Rf8 Ra1 69.
Rf7+ Kg8 70. Re7 Rf1 71. Re5 Kf8 72. Ra5 Kg8 73. Ra8+ {Finally accepting a
threefold repetition.} 1/2-1/2